000 00571nam a2200181Ia 4500
008 090711s9999 xx 000 0 und d
082 _b149
100 _aमायकेल क्रिश्टन
245 _aकाँगो
260 _bमहेता पब्लिकेशन हाऊस
_c1999
300 _a253
600 _aमायकेल क्रिश्टन
630 _aकाँगो
700 _aमायकेल क्रिश्टन
700 _aमांडे अरुण
730 _aकाँगो
942 _cBOOK
999 _c335039
_d335039